Balance socio-político
Se realiza una descripción de El Salvador después de los Acuerdos de Paz, donde se expresan claramente las transformaciones a nivel de las dinámicas económicas, políticas y estructurales. Entre los hechos sistematizados se destaca el anuncio a la apertura económica, el pacto San Andrés y la reforma...
Guardat en:
| Format: | Text |
|---|---|
| Matèries: | |
| Etiquetes: |
Afegir etiqueta
Sense etiquetes, Sigues el primer a etiquetar aquest registre!
|
MARC
| LEADER | 00000 a a2200000 04500 | ||
|---|---|---|---|
| 001 | 6026 | ||
| 003 | |||
| 040 | |||
| 245 | |a Balance socio-político | ||
| 520 | |a Se realiza una descripción de El Salvador después de los Acuerdos de Paz, donde se expresan claramente las transformaciones a nivel de las dinámicas económicas, políticas y estructurales. Entre los hechos sistematizados se destaca el anuncio a la apertura económica, el pacto San Andrés y la reforma política impulsada por el Acuerdo de Paz. WMV | ||
| 650 | |a PAZ | ||
| 650 | |a POLITICA | ||
| 650 | |a ECONOMIA | ||
| 650 | |a POLITICA SOCIAL | ||
| 773 | |g volumen 16, número 691; páginas 5-10 | ||
| 999 | |c 37118 |d 37118 | ||
